Výstava originálov v Sp. Nov. Vsi

Správa o výstave olejomalieb a akvarelov prof. M. Čančíka, J. Bruknera a J. Středu 11.6.-14.6.1936 v Spišskej novej Vsi

Bibliographic Details
Format: Article
Language:Slovak
Subjects:

MARC

LEADER 00000nab a22000001a 4500
001 vtls008997668
003 SK-MaSNL
005 20260303065815.0
008 070611d19360620xo |r|p|||| |000 b|slo
015 |a SNBRRBVU1918-1938 
038 |a SNKBUCL 
038 |a SNKBUVU 
040 |a SNKBUVU  |b slo  |c SNKBUCL  |e AACR2 
041 0 |a slo 
044 |a xo  |c SK 
080 |a 75.071.1:061.4  |2 1997 
245 0 0 |a Výstava originálov v Sp. Nov. Vsi 
500 |a V rubrike Z kultúrneho života 
500 |a Čančík, Miroslav - maliar, pedagóg ( nar. 26.3.1907 Ústí na d Orlicí). Študoval na umeleckopriemyselnej škole v Prahe (Hofbauer) 
520 |a Správa o výstave olejomalieb a akvarelov prof. M. Čančíka, J. Bruknera a J. Středu 11.6.-14.6.1936 v Spišskej novej Vsi 
600 1 7 |a Čančík, Miroslav  |d n. 1907  |2 MM  |9 1066366 
600 1 7 |a Středa, J.  |2 MM  |9 1066367 
600 1 7 |a Brukner, Jan,  |d 1906-1969  |2 MM  |9 1066368 
648 7 |a 1936  |2 MM  |9 309345 
650 0 7 |a české maliarstvo  |2 MM  |9 3112 
650 0 7 |a výstavy  |2 snkbucl  |9 2780 
651 7 |a Spišská Nová Ves (Slovensko)  |2 MM  |9 28800 
773 0 |t Spišské hlasy  |g Roč. 3, č. 25 (20.6.1936), s. 4 
852 |a SNK  |b KIS3GCP 
910 |a snkrbvumm 
958 |a VY 
958 |a CZ 
999 |c 1752791  |d 1754721